000 00607nam a2200205 a 4500
001 24087
003 CO-ViMGA
008 141112s2004 ck r 000 u spa d
020 _a978958122539
040 _aCO-ViMGA
_bspa
_cCO-ViMGA
082 0 4 _a610 G659g
100 1 _aGonzalez de Acuña , Yolanda
_935079
245 1 0 _aGuias de Valoracion de Enfermeria /
_cYolanda Gonzales de Acuña
260 _aColombia :
_bUniversidad de la sabana
300 _a270p.
650 1 4 _aATENCION AL EMFERMO
_935080
650 1 4 _aDIAGNOSTICO
_918636
650 1 4 _aEXAMEN FISICO (MEDICINA)
_929600
942 _2ddc
_cBK
999 _c32143
_d32143